A first year Canterbury settlement / (Record no. 793201)

MARC details
000 -LEADER
fixed length control field 00746nam a2200253 a 4500
001 - CONTROL NUMBER
control field vtls000968153
003 - CONTROL NUMBER IDENTIFIER
control field NLI
005 - DATE AND TIME OF LATEST TRANSACTION
control field 20210627095150.0
008 - FIXED-LENGTH DATA ELEMENTS--GENERAL INFORMATION
fixed length control field 120112s1863 enk 000 0 eng
039 #9 - LEVEL OF BIBLIOGRAPHIC CONTROL AND CODING DETAIL [OBSOLETE]
-- 201201121754
-- Entertech_02
040 0# - CATALOGING SOURCE
Original cataloging agency NLI
Language of cataloging eng
Transcribing agency Entertech-2011
Description conventions AACR2
041 0# - LANGUAGE CODE
Language code of text/sound track or separate title eng
044 ## - COUNTRY OF PUBLISHING/PRODUCING ENTITY CODE
MARC country code enk
084 ## - OTHER CLASSIFICATION NUMBER
Classification number 104.G.13
100 1# - MAIN ENTRY--PERSONAL NAME
Personal name Butler, Samuel,
Dates associated with a name 1835-1902
9 (RLIN) 802889
245 12 - TITLE STATEMENT
Title A first year Canterbury settlement /
Statement of responsibility, etc. Samuel Butler
260 ## - PUBLICATION, DISTRIBUTION, ETC.
Place of publication, distribution, etc. London :
Name of publisher, distributor, etc. Longman green,
Date of publication, distribution, etc. 1863
300 ## - PHYSICAL DESCRIPTION
Extent x, 162 p. ;
Dimensions 20 cm.
651 #0 - SUBJECT ADDED ENTRY--GEOGRAPHIC NAME
Geographic name Canterbury, N.Z. (District)
General subdivision Description and travel
9 (RLIN) 865839
887 ## - NON-MARC INFORMATION FIELD
Content of non-MARC field
901 ## - LOCAL DATA ELEMENT A, LDA (RLIN)
a IMP55423 :
b 19.08.2010
902 ## - LOCAL DATA ELEMENT B, LDB (RLIN)
a 104.G.13
942 ## - ADDED ENTRY ELEMENTS (KOHA)
Source of classification or shelving scheme Dewey Decimal Classification
Koha item type Books
Holdings
Withdrawn status Lost status Damaged status Not for loan Home library Current library Date acquired Total Checkouts Full call number Date last seen Price effective from Koha item type
        National Library of India National Library of India     104.G.13 27/06/2021 27/06/2021 Books
                                                                           
web counter

Copyright ©2020 The National Library of India, Govt. of India ↔ Hosted by NVLI, MOC ↔ Technology and Design by National Library of India, Ministry of Culture, Govt. of India